| 000 | 00353nam a22001337a 4500 | ||
|---|---|---|---|
| 008 | 160518b xxu||||| |||| 00| 0 eng d | ||
| 020 | _a9780721677538 | ||
| 020 | _a9780721677538 | ||
| 020 | _a0721677533 | ||
| 041 | _aeng | ||
| 080 | _a618.2 | ||
| 245 |
_aMental health nursing an introdutory text: _cBarbara B. Bauer; Singne S. Hill; |
||
| 942 |
_2udc _cBK |
||
| 999 |
_c2174 _d2174 |
||